বিষয়বস্তু এড়িয়ে যান

Теория принятия решений учебное пособие для вузов

В учебном издании рассмотрены теоретические вопросы принятия решений с позиций системного подхода, а также классификация систем информационной поддержки принятия решений. Прикладные задачи принятия решений содержат основные положения теории экспериментальных исследований, планирования и обработки по...

সম্পূর্ণ বিবরণ

সংরক্ষণ করুন:
গ্রন্থ-পঞ্জীর বিবরন
প্রধান লেখক: Баллод Б. А.
অন্যান্য লেখক: Елизарова Н. Н.
বিন্যাস: Книга
ভাষা:Russian
প্রকাশিত: Санкт-Петербург Лань 2023
সংস্করন:2-е изд., стер.
বিষয়গুলি:
অনলাইন ব্যবহার করুন:https://e.lanbook.com/book/320753
https://e.lanbook.com/img/cover/book/320753.jpg
ট্যাগগুলো: ট্যাগ যুক্ত করুন
কোনো ট্যাগ নেই, প্রথমজন হিসাবে ট্যাগ করুন!
LEADER 02141nam0a2200373 i 4500
001 320753
003 RuSpLAN
005 20240216150941.0
008 240216s2023 ru gs 000 0 rus
020 |a 978-5-507-47018-1 
040 |a RuSpLAN 
041 0 |a rus 
044 |a ru 
080 |a 519.816 
084 |a 22.185.1я73  |2 rubbk 
245 0 0 |a Теория принятия решений  |b учебное пособие для вузов  |c Баллод Б. А.,Елизарова Н. Н. 
250 |a 2-е изд., стер. 
260 |a Санкт-Петербург  |b Лань  |c 2023 
300 |a 52 с. 
504 |a Библиогр.: доступна в карточке книги, на сайте ЭБС Лань 
520 8 |a В учебном издании рассмотрены теоретические вопросы принятия решений с позиций системного подхода, а также классификация систем информационной поддержки принятия решений. Прикладные задачи принятия решений содержат основные положения теории экспериментальных исследований, планирования и обработки полного факторного эксперимента. Предназначено для студентов высших учебных заведений, проходящих заочное обучение.  
521 8 |a Книга из коллекции Лань - Информатика 
653 0 |a принятие решений 
653 0 |a планирование 
653 0 |a экономика 
653 0 |a менеджмент 
653 0 |a decision support system 
653 0 |a dss 
653 0 |a система поддержки принятия решений 
100 1 |a Баллод Б. А. 
700 1 |a Елизарова Н. Н. 
856 4 |u https://e.lanbook.com/book/320753 
856 4 8 |u https://e.lanbook.com/img/cover/book/320753.jpg 
953 |a https://e.lanbook.com/img/cover/book/320753.jpg